[Event "COL-ch U14 Girls"]
[Site "Barranquilla"]
[Date "2024.04.13"]
[Round "5"]
[White "Diaz Gonzalez, Ana Sofia"]
[Black "Barreto Pulido, Mariana"]
[Result "1-0"]
[WhiteElo "1749"]
[BlackElo "1520"]
[PlyCount "79"]
[EventDate "2024.04.11"]
[EventType "swiss"]
[EventRounds "7"]
[EventCountry "COL"]
[SourceTitle "CB18_2024"]
[SourceDate "2024.05.01"]
[SourceVersion "1"]
[SourceVersionDate "2024.05.01"]
[SourceQuality "2"]

1. e4 c5 2. Nf3 Nc6 3. Bb5 g6 4. c3 Nf6 5. Qe2 Bg7 6. d4 cxd4 7. cxd4 a6 8. Bxc6 bxc6 9. 0-0 a5 10. Re1 0-0 11. Nc3 Ba6 12. Qc2 Qb6 13. Na4 Qc7 14. Nc5 Rfc8 15. Be3 d6 16. Nxa6 Rxa6 17. Rac1 Rb6 18. b3 Qa7 19. Nd2 Rbb8 20. Qd3 Ng4 21. Rc2 Nxe3 22. fxe3 c5 23. d5 a4 24. h4 axb3 25. axb3 Qa3 26. h5 Be5 27. Rb1 Qa7 28. h6 Qd7 29. Qe2 f5 30. Qd3 Rf8 31. Nf3 fxe4 32. Qxe4 Bg3 33. Rc4 Qb7 34. Qe6+ Kh8 35. Rg4 Rf6 36. Qe4 Be5 37. Nxe5 dxe5 38. Qxe5 Rbf8 39. Re4 Re8 40. Qxf6+ 1-0

[Event "Medellin de La Raza U2000 op"]
[Site "Medellin"]
[Date "2023.10.16"]
[Round "9"]
[White "Diaz Gonzalez, Ana Sofia"]
[Black "Fernandez, Andres2"]
[Result "1-0"]
[WhiteElo "1622"]
[BlackElo "1438"]
[PlyCount "55"]
[EventDate "2023.10.12"]
[EventType "swiss"]
[EventRounds "9"]
[EventCountry "COL"]
[SourceTitle "Mega2024 Update 01"]
[Source "Chessbase"]
[SourceDate "2023.11.12"]
[SourceVersion "1"]
[SourceVersionDate "2023.11.12"]
[SourceQuality "1"]

1. e4 c5 2. Nf3 d6 3. Bb5+ Bd7 4. Bxd7+ Nxd7 5. c4 e6 6. Nc3 Ngf6 7. 0-0 Be7 8. d4 cxd4 9. Nxd4 0-0 10. b3 a6 11. Be3 Rc8 12. Rc1 Ne5 13. h3 d5 14. f4 Ng6 15. e5 Nd7 16. cxd5 exd5 17. Nxd5 Qa5 18. Nxe7+ Nxe7 19. Qd2 Qd5 20. Nf5 Qe6 21. Nxe7+ Qxe7 22. Rxc8 Rxc8 23. Rd1 Nf8 24. b4 Ne6 25. f5 Nf8 26. Qd6 Rc7 27. Qxe7 Rxe7 28. Rd8 1-0

[Event "Medellin de La Raza U2000 op"]
[Site "Medellin"]
[Date "2023.10.16"]
[Round "8"]
[White "Prada Rodriguez, Andres"]
[Black "Diaz Gonzalez, Ana Sofia"]
[Result "1-0"]
[WhiteElo "1354"]
[BlackElo "1622"]
[PlyCount "31"]
[EventDate "2023.10.12"]
[EventType "swiss"]
[EventRounds "9"]
[EventCountry "COL"]
[SourceTitle "Mega2024 Update 01"]
[Source "Chessbase"]
[SourceDate "2023.11.12"]
[SourceVersion "1"]
[SourceVersionDate "2023.11.12"]
[SourceQuality "1"]

1. d4 d5 2. c4 e6 3. Nf3 Nf6 4. Nc3 Be7 5. Bg5 h6 6. Bh4 0-0 7. e3 b6 8. g4 Ne4 9. Bxe7 Qxe7 10. cxd5 exd5 11. g5 Nxg5 12. Nxd5 Qe4 13. Nf6+ gxf6 14. Rg1 Kh8 15. Nxg5 Qf5 16. Qh5 1-0

[Event "Medellin de La Raza U2000 op"]
[Site "Medellin"]
[Date "2023.10.15"]
[Round "7"]
[White "Diaz Gonzalez, Ana Sofia"]
[Black "Suarez Zapata, Hernando"]
[Result "0-1"]
[WhiteElo "1622"]
[BlackElo "1896"]
[PlyCount "64"]
[EventDate "2023.10.12"]
[EventType "swiss"]
[EventRounds "9"]
[EventCountry "COL"]
[SourceTitle "Mega2024 Update 01"]
[Source "Chessbase"]
[SourceDate "2023.11.12"]
[SourceVersion "1"]
[SourceVersionDate "2023.11.12"]
[SourceQuality "1"]

1. e4 e5 2. Nf3 Nc6 3. Bc4 Bc5 4. c3 d6 5. d4 exd4 6. cxd4 Bb6 7. h3 h6 8. Nc3 Nf6 9. a3 0-0 10. 0-0 Nxe4 11. Nd5 Nf6 12. Nxb6 axb6 13. Nh2 d5 14. Bb3 Qd6 15. Bc2 Ne4 16. Be3 f5 17. f4 Qg6 18. Rf3 Be6 19. Nf1 Rad8 20. Rc1 Na5 21. b3 c5 22. dxc5 bxc5 23. Qe1 d4 24. Bxe4 fxe4 25. Rg3 Qf6 26. f5 Nxb3 27. fxe6 dxe3 28. Rc3 Qf2+ 29. Qxf2 exf2+ 30. Kh2 Nd2 31. Nxd2 Rxd2 32. e7 f1Q 0-1

[Event "Medellin de La Raza U2000 op"]
[Site "Medellin"]
[Date "2023.10.13"]
[Round "2"]
[White "Diaz Gonzalez, Ana Sofia"]
[Black "Briceno Suarez, Elisabet"]
[Result "1-0"]
[WhiteElo "1622"]
[BlackElo "1135"]
[PlyCount "121"]
[EventDate "2023.10.12"]
[EventType "swiss"]
[EventRounds "9"]
[EventCountry "COL"]
[SourceTitle "Mega2024 Update 01"]
[Source "Chessbase"]
[SourceDate "2023.11.12"]
[SourceVersion "1"]
[SourceVersionDate "2023.11.12"]
[SourceQuality "1"]

1. e4 e5 2. Nf3 Nc6 3. Bc4 Nf6 4. d3 Bc5 5. c3 d6 6. 0-0 0-0 7. Re1 a6 8. Bb3 Ba7 9. h3 Be6 10. Nbd2 Bxb3 11. Qxb3 Rb8 12. Nc4 b5 13. Ne3 Ne7 14. Nh4 Kh8 15. Nhf5 Bxe3 16. Nxe3 Qd7 17. Qd1 Rbd8 18. c4 c6 19. Bd2 Rfe8 20. Ba5 Rb8 21. Qf3 c5 22. a3 Nc6 23. Bc3 Nd4 24. Bxd4 cxd4 25. Nd5 Nxd5 26. cxd5 Rf8 27. Rec1 Rbc8 28. Qd1 f5 29. Rxc8 Rxc8 30. Rc1 fxe4 31. dxe4 Kg8 32. Rc2 Rc5 33. Qd3 Qc7 34. Rd2 Rc1+ 35. Kh2 Qc4 36. Qf3 Rc2 37. Rxc2 Qxc2 38. Qf5 Qc7 39. Qe6+ Kf8 40. f4 exf4 41. Qf5+ Qf7 42. Qc8+ Qe8 43. Qf5+ Kg8 44. Qxf4 Qe5 45. Kg3 Qxf4+ 46. Kxf4 Kf7 47. Kf3 Kf6 48. Ke2 Ke5 49. Kd3 g5 50. b4 h5 51. g3 h4 52. g4 Kf4 53. Kxd4 Kg3 54. e5 dxe5+ 55. Kxe5 Kxh3 56. d6 Kxg4 57. d7 h3 58. d8Q h2 59. Qd5 Kh3 60. Qf3+ Kh4 61. Qg2 1-0

[Event "Medellin de La Raza U2000 op"]
[Site "Medellin"]
[Date "2023.10.13"]
[Round "3"]
[White "Iral Castro, Brahiam"]
[Black "Diaz Gonzalez, Ana Sofia"]
[Result "1/2-1/2"]
[WhiteElo "1846"]
[BlackElo "1622"]
[PlyCount "34"]
[EventDate "2023.10.12"]
[EventType "swiss"]
[EventRounds "9"]
[EventCountry "COL"]
[SourceTitle "Mega2024 Update 01"]
[Source "Chessbase"]
[SourceDate "2023.11.12"]
[SourceVersion "1"]
[SourceVersionDate "2023.11.12"]
[SourceQuality "1"]

1. d4 d5 2. c4 e6 3. Nf3 Nf6 4. Nc3 Be7 5. g3 0-0 6. cxd5 exd5 7. Bg2 c6 8. 0-0 Nbd7 9. Qc2 Ne8 10. e4 dxe4 11. Nxe4 Ndf6 12. Nc5 Nd6 13. Bf4 Nd5 14. Bxd6 Bxd6 15. Ne5 Bc7 16. Rac1 Nf6 17. Rfd1 Bd6 1/2-1/2

[Event "COL-ch (Women)"]
[Site "Cartagena"]
[Date "2023.06.09"]
[Round "3"]
[White "Lizarazo, Alba Patricia"]
[Black "Diaz Gonzalez, Ana Sofia"]
[Result "0-1"]
[WhiteElo "1588"]
[BlackElo "1444"]
[PlyCount "72"]
[EventDate "2023.06.08"]
[EventType "swiss"]
[EventRounds "9"]
[EventCountry "COL"]
[SourceTitle "CBM 215 Extra"]
[Source "ChessBase"]
[SourceDate "2023.09.30"]
[SourceVersion "1"]
[SourceVersionDate "2023.09.30"]
[SourceQuality "1"]

1. e4 e5 2. Nf3 Nc6 3. Nc3 Nf6 4. d4 exd4 5. Nxd4 Bb4 6. Nxc6 bxc6 7. Qf3 Qe7 8. Bd3 d5 9. Bd2 Bxc3 10. Bxc3 dxe4 11. Bxf6 exf3+ 12. Bxe7 fxg2 13. Rg1 Kxe7 14. Rxg2 g6 15. Kd2 Be6 16. Rg5 f5 17. f4 Rhd8 18. Ke3 c5 19. c4 Rd4 20. b3 Rad8 21. Rd1 Bc8 22. Rgg1 Kf6 23. Rgf1 Re8+ 24. Kd2 Ree4 25. Rde1 Rxe1 26. Rxe1 Rxf4 27. Re2 Bb7 28. Kc3 Be4 29. a3 Rf3 30. Rd2 Ke5 31. Kc2 Rxd3 32. Rxd3 Bxd3+ 33. Kxd3 a5 34. Ke3 g5 35. Kf3 Kd4 36. b4 cxb4 0-1

[Event "COL-ch U14 Girls"]
[Site "Cartagena"]
[Date "2023.04.15"]
[Round "4"]
[White "Morales Perez, Ghisell"]
[Black "Diaz Gonzalez, Ana Sofia"]
[Result "1-0"]
[WhiteElo "1390"]
[BlackElo "1434"]
[PlyCount "55"]
[EventDate "2023.04.13"]
[EventType "swiss"]
[EventRounds "7"]
[EventCountry "COL"]
[SourceTitle "CBM 213 Extra"]
[Source "ChessBase"]
[SourceDate "2023.05.31"]
[SourceVersion "1"]
[SourceVersionDate "2023.05.31"]
[SourceQuality "1"]

1. e4 e5 2. Nf3 Nc6 3. Bc4 Nf6 4. d4 exd4 5. Ng5 Ne5 6. Bb3 h6 7. f4 hxg5 8. fxe5 Nh5 9. 0-0 d5 10. Bxd5 Be6 11. Bxb7 Bc5 12. Qd3 Rb8 13. Bc6+ Kf8 14. Bb5 Qe7 15. Na3 Rb6 16. Bc4 Bxc4 17. Nxc4 Rbh6 18. b4 Bxb4 19. Rb1 g6 20. Rxb4 Kg7 21. Rb7 Qd7 22. Bxg5 R6h7 23. e6 Qxe6 24. Qxd4+ f6 25. Rxc7+ Kf8 26. Qd8+ Qe8 27. Bh6+ Rxh6 28. Rxf6+ 1-0

[Event "Medellin Raza Cup"]
[Site "Medellin"]
[Date "2022.10.21"]
[Round "6"]
[White "Diaz Gonzalez, Ana Sofia"]
[Black "Negron Lizarazo, Juan Sebastian"]
[Result "1-0"]
[WhiteElo "1356"]
[BlackElo "1565"]
[PlyCount "97"]
[EventDate "2022.10.19"]
[EventType "swiss"]
[EventRounds "10"]
[EventCountry "COL"]
[SourceTitle "EXT 2024"]
[Source "ChessBase"]
[SourceDate "2023.10.10"]
[SourceVersion "1"]
[SourceVersionDate "2023.10.10"]
[SourceQuality "1"]

1. e4 c5 2. Nf3 a6 3. c3 Nf6 4. e5 Nd5 5. d4 cxd4 6. cxd4 d6 7. Be2 Nc6 8. 0-0 g6 9. Bc4 Nb6 10. Bb3 Bg7 11. Re1 0-0 12. Nbd2 Bf5 13. h3 h5 14. Bc2 Bxc2 15. Qxc2 Rc8 16. Qb3 Na5 17. Qd3 dxe5 18. Nxe5 Nc6 19. Nxc6 Rxc6 20. Nf3 Rd6 21. Re4 e5 22. Nxe5 Bxe5 23. Rxe5 Rxd4 24. Qc3 Rd3 25. Qb4 Rd1+ 26. Re1 Re8 27. Be3 Rxa1 28. Rxa1 Nd5 29. Qxb7 Nxe3 30. fxe3 Rxe3 31. Rf1 Re7 32. Qxa6 Qd4+ 33. Kh1 Qxb2 34. a4 Qa2 35. Qc8+ Kg7 36. Qc3+ Kh7 37. a5 Ra7 38. Ra1 Qe6 39. Re1 Qf5 40. Re5 Qf1+ 41. Kh2 Qf4+ 42. Kh1 Qf1+ 43. Kh2 f6 44. Qe3 Rf7 45. Re7 Rxe7 46. Qxe7+ Kh6 47. Qf8+ Kg5 48. Qc5+ Kh6 49. Qd6 1-0

[Event "Medellin Raza Cup"]
[Site "Medellin"]
[Date "2022.10.19"]
[Round "2"]
[White "Diaz Gonzalez, Ana Sofia"]
[Black "Perez, William"]
[Result "0-1"]
[WhiteElo "1356"]
[BlackElo "1944"]
[PlyCount "98"]
[EventDate "2022.10.19"]
[EventType "swiss"]
[EventRounds "10"]
[EventCountry "COL"]
[SourceTitle "EXT 2024"]
[Source "ChessBase"]
[SourceDate "2023.10.10"]
[SourceVersion "1"]
[SourceVersionDate "2023.10.10"]
[SourceQuality "1"]

1. e4 c5 2. Nf3 g6 3. c3 d5 4. exd5 Qxd5 5. d4 Nc6 6. Be3 cxd4 7. Nxd4 Nf6 8. h3 a6 9. Na3 e5 10. Nxc6 Bxa3 11. Qxd5 Nxd5 12. bxa3 Nxe3 13. fxe3 bxc6 14. Rb1 Be6 15. Bxa6 Kd7 16. Rb7+ Kd6 17. Be2 Rxa3 18. c4 Rxa2 19. Kf2 Bxc4 20. Re1 Rha8 21. Kf1 Bd5 22. e4 Bxe4 23. Rd1+ Bd5 24. Rxf7 Ra1 25. Rxh7 Rxd1+ 26. Bxd1 Ra1 27. Ke2 Bxg2 28. Bc2 Ra2 29. Kd3 Bxh3 30. Bb3 Ra3 31. Kc2 Bf5+ 32. Kb2 Ra8 33. Kc3 Re8 34. Kd2 Re7 35. Rh4 e4 36. Ke3 Ke5 37. Rh2 Ra7 38. Bg8 Ra3+ 39. Kd2 Kd4 40. Rh4 c5 41. Kc2 c4 42. Kb2 Rg3 43. Bf7 c3+ 44. Kc2 Rg2+ 45. Kc1 Kd3 46. Rh1 e3 47. Be8 Rc2+ 48. Kb1 Kd2 49. Bc6 Rc1+ 0-1

[Event "Medellin Aristizabal Cup"]
[Site "Medellin"]
[Date "2022.07.10"]
[Round "5"]
[White "Molina Ballesteros, Juan Sebastian"]
[Black "Diaz Gonzalez, Ana Sofia"]
[Result "1-0"]
[WhiteElo "1647"]
[BlackElo "1247"]
[PlyCount "37"]
[EventDate "2022.07.08"]
[EventType "swiss"]
[EventRounds "7"]
[EventCountry "COL"]
[SourceTitle "CBM 209 Extra"]
[Source "ChessBase"]
[SourceDate "2022.09.30"]
[SourceVersion "1"]
[SourceVersionDate "2022.09.30"]
[SourceQuality "1"]

1. e4 e5 2. Nf3 Nc6 3. Bc4 Bc5 4. c3 Nf6 5. d3 d6 6. 0-0 a6 7. a4 Ba7 8. Re1 0-0 9. d4 exd4 10. cxd4 d5 11. exd5 Nxd5 12. Nc3 Nce7 13. Bg5 f6 14. Rxe7 Qxe7 15. Nxd5 Qd8 16. Nxf6+ Kh8 17. Nxh7 Qd6 18. Nxf8 Qxf8 19. Ne5 1-0

[Event "Medellin U2000 op"]
[Site "Medellin"]
[Date "2022.05.21"]
[Round "5"]
[White "Gallon Ramirez, Tomas"]
[Black "Diaz Gonzalez, Ana Sofia"]
[Result "0-1"]
[WhiteElo "1360"]
[BlackElo "1247"]
[PlyCount "76"]
[EventDate "2022.05.18"]
[EventType "swiss"]
[EventRounds "7"]
[EventCountry "COL"]
[SourceTitle "CBM 208 Extra"]
[Source "ChessBase"]
[SourceDate "2022.07.31"]
[SourceVersion "1"]
[SourceVersionDate "2022.07.31"]
[SourceQuality "1"]

1. d4 d5 2. c4 e6 3. Nf3 Nf6 4. g3 Be7 5. Bg2 0-0 6. 0-0 b6 7. Nbd2 Bb7 8. b3 Nbd7 9. Bb2 Re8 10. Qc2 Bd6 11. Ne5 c5 12. e3 cxd4 13. exd4 Qc7 14. Rfe1 Rac8 15. Qd3 Ba6 16. Rac1 Qb8 17. Qe3 Nxe5 18. dxe5 Bc5 19. Qf4 Bb4 20. cxd5 Nxd5 21. Bxd5 exd5 22. Qxb4 Bb7 23. Bd4 Ba8 24. Nf3 Qb7 25. Qd2 h6 26. Nh4 Qd7 27. Kg2 Rxc1 28. Rxc1 Bb7 29. Qd3 Bc8 30. Qf1 Qg4 31. Qd3 g5 32. Nf3 Bf5 33. Qe3 Be4 34. Ba1 h5 35. h3 Qf5 36. Rc3 g4 37. Qh6 d4 38. Rc2 Qxf3+ 0-1

[Event "Medellin Easter op 10th"]
[Site "Medellin"]
[Date "2022.04.16"]
[Round "7"]
[White "Cifuentes Pena, Santiago"]
[Black "Diaz Gonzalez, Ana Sofia"]
[Result "0-1"]
[WhiteElo "1435"]
[BlackElo "1291"]
[PlyCount "68"]
[EventDate "2022.04.13"]
[EventType "swiss"]
[EventRounds "8"]
[EventCountry "COL"]
[SourceTitle "CBM 207 Extra"]
[Source "ChessBase"]
[SourceDate "2022.05.31"]
[SourceVersion "1"]
[SourceVersionDate "2022.05.31"]
[SourceQuality "1"]

1. e4 e5 2. Nf3 Nc6 3. Bc4 Bc5 4. c3 Nf6 5. d3 d6 6. Bb3 Be6 7. Nbd2 h6 8. Nf1 Ng4 9. Ne3 Nxe3 10. fxe3 0-0 11. 0-0 a6 12. Qe1 Bxb3 13. axb3 f5 14. exf5 Rxf5 15. d4 Bb6 16. Bd2 e4 17. Nh4 Rxf1+ 18. Kxf1 Qf6+ 19. Kg1 g5 20. Qg3 Rf8 21. h3 Kh7 22. c4 gxh4 23. Qg4 Qf2+ 24. Kh1 Qxd2 25. Qxh4 Qxe3 26. d5 Rf4 27. Qh5 Ne5 28. Qe8 Qg3 29. b4 Rg4 30. Qf7+ Rg7 31. Qxg7+ Kxg7 32. Rf1 Nf3 33. Rxf3 exf3 34. gxf3 Qg1# 0-1

[Event "COL-chT (Women)"]
[Site "Medellin"]
[Date "2021.12.11"]
[Round "5.1"]
[White "Diaz Gonzalez, Ana Sofia"]
[Black "Ruiz Jaraba, Valentina Sofia"]
[Result "0-1"]
[WhiteElo "1312"]
[BlackElo "1771"]
[PlyCount "52"]
[EventDate "2021.12.09"]
[EventType "team-tourn"]
[EventRounds "5"]
[EventCountry "COL"]
[SourceTitle "CBM 205 Extra"]
[Source "ChessBase"]
[SourceDate "2022.01.31"]
[SourceVersion "1"]
[SourceVersionDate "2022.01.31"]
[SourceQuality "1"]
[WhiteTeam "Antioquia Talentos (W)"]
[BlackTeam "Atlantico Quintal (W)"]
[WhiteTeamCountry "COL"]
[BlackTeamCountry "COL"]

1. e4 c5 2. Nf3 d6 3. Bb5+ Nd7 4. 0-0 e6 5. c3 Ngf6 6. Re1 Be7 7. d4 cxd4 8. cxd4 0-0 9. Nc3 a6 10. Bd3 e5 11. d5 Nc5 12. h3 Nxd3 13. Qxd3 h6 14. Nh2 Nh7 15. f4 f5 16. fxe5 dxe5 17. exf5 Bxf5 18. Qc4 Rc8 19. Qb3 Bd6 20. Qxb7 Bd3 21. Qb3 Qh4 22. Be3 e4 23. Ng4 h5 24. Bf2 Qg5 25. Be3 Qf5 26. Nf2 Qe5 0-1

[Event "COL Subzt 2.3.4 (Women)"]
[Site "Risarald"]
[Date "2021.11.27"]
[Round "8"]
[White "Diaz Gonzalez, Ana Sofia"]
[Black "Espinel Forero, Aura Maria"]
[Result "1/2-1/2"]
[WhiteElo "1232"]
[BlackElo "1567"]
[PlyCount "64"]
[EventDate "2021.11.23"]
[EventType "swiss"]
[EventRounds "9"]
[EventCountry "COL"]
[SourceTitle "CBM 205 Extra"]
[Source "ChessBase"]
[SourceDate "2022.01.31"]
[SourceVersion "1"]
[SourceVersionDate "2022.01.31"]
[SourceQuality "1"]

1. e4 e6 2. d4 d5 3. e5 c5 4. c3 Qb6 5. Nf3 Nc6 6. a3 cxd4 7. cxd4 Nge7 8. Nc3 Nf5 9. Na4 Qd8 10. Bf4 Bd7 11. Rc1 Be7 12. Be2 0-0 13. 0-0 Kh8 14. Nc5 b6 15. Nxd7 Qxd7 16. Bb5 Rac8 17. Qa4 a5 18. Bxc6 Qd8 19. Bd7 Rc4 20. Rxc4 dxc4 21. Rc1 Nh4 22. Nxh4 Bxh4 23. Rxc4 Qe7 24. Rc8 Rxc8 25. Bxc8 g5 26. Bg3 Qc7 27. Qe8+ Kg7 28. h3 Qc4 29. Bxh4 gxh4 30. Qd8 Qc1+ 31. Kh2 Qf4+ 32. Kg1 Qc1+ 1/2-1/2

[Event "COL Subzt 2.3.4 (Women)"]
[Site "Risarald"]
[Date "2021.11.26"]
[Round "7"]
[White "Luna Monsalve, Sofia"]
[Black "Diaz Gonzalez, Ana Sofia"]
[Result "1/2-1/2"]
[WhiteElo "1262"]
[BlackElo "1232"]
[PlyCount "31"]
[EventDate "2021.11.23"]
[EventType "swiss"]
[EventRounds "9"]
[EventCountry "COL"]
[SourceTitle "CBM 205 Extra"]
[Source "ChessBase"]
[SourceDate "2022.01.31"]
[SourceVersion "1"]
[SourceVersionDate "2022.01.31"]
[SourceQuality "1"]

1. d4 d5 2. c4 e6 3. Nc3 Be7 4. cxd5 exd5 5. Bf4 c6 6. e3 Bf5 7. Nf3 Nf6 8. Be2 Nbd7 9. h3 0-0 10. 0-0 Ne8 11. Bh2 Ndf6 12. Nh4 Be6 13. Nf3 Bf5 14. Nh4 Be6 15. Nf3 Bf5 16. Nh4 1/2-1/2

[Event "Medellin Antioquia 2nd League"]
[Site "Medellin"]
[Date "2021.??.??"]
[Round "3"]
[White "Diaz Gonzalez, Ana Sofia"]
[Black "Quintero Gonzalez, Francisco"]
[Result "1-0"]
[WhiteElo "1182"]
[BlackElo "1467"]
[PlyCount "69"]
[EventDate "2021.08.31"]
[EventType "swiss"]
[EventRounds "7"]
[EventCountry "COL"]
[SourceTitle "CBM 204 Extra"]
[Source "ChessBase"]
[SourceDate "2021.11.30"]
[SourceVersion "1"]
[SourceVersionDate "2021.11.30"]
[SourceQuality "1"]

1. e4 c5 2. Nf3 d6 3. Bb5+ Nd7 4. 0-0 Ngf6 5. Re1 e5 6. c3 a6 7. Bxd7+ Bxd7 8. d4 Qc7 9. h3 h6 10. Nbd2 g5 11. Nh2 exd4 12. cxd4 cxd4 13. Nb3 Be7 14. Qxd4 0-0 15. Bd2 Bc6 16. Rac1 Qd8 17. Bc3 Rc8 18. Ng4 Kg7 19. Re3 h5 20. Nh2 Kg6 21. Rce1 Ne8 22. Qd3 Bb5 23. Qb1 Kh6 24. Nd4 Bd7 25. e5 d5 26. e6 fxe6 27. Nxe6 Bxe6 28. Rxe6+ Bf6 29. Nf3 Ng7 30. Ne5 Nf5 31. Qxf5 Kg7 32. Qg6+ Kh8 33. Nf7+ Rxf7 34. Bxf6+ Rxf6 35. Re8+ 1-0